000 00723cab a2200229 4500
001 WB3432-11
008 090401t1998 xxu||||| |||| 00| 0 eng d
035 _a(Sirsi) u88038
041 _aeng
245 _aBoom times
260 _c1998
350 _a0
490 _aGuardian
_v17 August 1998, 18(1)
520 _aHealey & Baker predicts that the City`s property market is set for a bumper year due to a high level of pre-let deals. Graph.
650 _aCITY OF LONDON
650 _aPROPERTY-COMMERCIAL PROPERTY-OFFICE PROPERTY-OFFICE PROPERTY MARKET
650 _aOFFICE SPACE
650 _aPRE-LETS
690 _aPROPERTY-COMMERCIAL PROPERTY-COMMERCIAL PROPERTY MARKET
942 _n0
948 _c18/08/1998
999 _c55592
_d55592